| 000 | 01205na a2200373 4500 | ||
|---|---|---|---|
| 001 | 13048 | ||
| 003 | MIRAKIL | ||
| 005 | 20181213155216.0 | ||
| 008 | 160930b tu 000 0 | ||
| 020 | _a9754702470 | ||
| 035 | _a13048 | ||
| 040 |
_aMilas _btur _cTR-AnCHP |
||
| 041 | _atur | ||
| 082 |
_a322.42095672 _bB68k 1993 |
||
| 090 | _a322.42095672 B68k 1993 | ||
| 100 | _aBruinessen, Martin van | ||
| 245 |
_aKürdistan üzerine yazılar _cMartin van Bruinessen; çevirenler Nevzat Kıraç...[ve öte.] |
||
| 250 | _a2. bs. | ||
| 260 |
_aİstanbul _bİletişim _c1993 |
||
| 300 |
_a373 s. _c20 sm. |
||
| 440 |
_aİletişim yayınları _v161 |
||
| 490 |
_aAraştırma-İnceleme dizisi _v31 |
||
| 650 |
_aKürt gerilla _xSiyasal yaşam _zKürdistan |
||
| 650 |
_aNakşibendi tarikatı _xTarih _zKürdistan |
||
| 650 |
_aKürtler _xSiyaset ve yönetim _zKürdistan |
||
| 650 |
_aKürtler _xTarih _yAraştırma |
||
| 651 |
_aKürdistan _xTarih |
||
| 651 |
_aKürdistan _xSiyaset ve yönetim _yTarih |
||
| 651 |
_aKürdistan _xSosyal yaşam ve gelenekler |
||
| 657 | _aKürdistan İşçi Partisi (PKK) | ||
| 657 | _aNakşibendi tarikatı | ||
| 700 | _aKıraç, Nevzat | ||
| 942 |
_2ddc _cBKS |
||
| 999 |
_c8561 _d8561 |
||